Guess the One Direction song with no hints #9 - Statistics

General Stats
  • This quiz has been taken 55 times
  • The average score is 218 of 297
Answer Stats
Answer % Correct
I
100%
You
97%
you
97%
you,
97%
when
95%
me
92%
so
92%
So
92%
So,
92%
it
90%
it?
90%
on
90%
your
90%
do
87%
is
87%
Is
87%
I'm
85%
love
85%
My
85%
my
85%
to
85%
Don't
82%
don't
82%
of
82%
no
79%
that
79%
That
79%
I'll
77%
like
77%
with
77%
if
74%
it's
74%
make
74%
But
72%
not
72%
us
72%
Cause
69%
cause
69%
oh
69%
baby,
67%
hands,
67%
heart,
67%
heart
67%
how
67%
we're
67%
Why
67%
from
64%
need
64%
Need
64%
say
64%
wrong?
64%
wrong
64%
scared
62%
strong
62%
strong?
62%
up
62%
care,
59%
sorry
59%
weaker
59%
wanna
56%
always
54%
been
54%
I'd
54%
hard
51%
hold
51%
that's
51%
try
49%
two
49%
break
46%
gone
46%
much
46%
Think
46%
till
46%
wait
46%
breaking
44%
keep
44%
ships
44%
there's
44%
trying
44%
fallin'
41%
many
41%
People
41%
save
41%
apart
38%
between
38%
nothing
38%
their
38%
tied
38%
wasted
38%
anything
36%
end
36%
escape
36%
Pages
33%
running
33%
words
33%
written
33%
Drifting,
31%
Move
31%
saying
31%
stop
31%
tight
31%
sit
28%
waves
28%
weightless,
26%
bookends
23%
No matching quizzes found
Score Distribution
Percent of People with Each Score
Percentile by Number Answered
Your Score History
You have not taken this quiz